| 000 | 00711nam a2200229 i 4500 | ||
|---|---|---|---|
| 001 | 18273 | ||
| 003 | ES-MaACL | ||
| 007 | t| | ||
| 008 | 011022s1971 sp ||||1| spa d | ||
| 080 | _a821.134.2-34"19" | ||
| 080 | _a087.5:821.134.2-34"19" | ||
| 100 | 1 |
_aOrtega, Juan Pablo. _987414 |
|
| 245 | 1 | 0 |
_aCuentos de la nube rosa / _cJuan Pablo Ortega ; ilustraciones de M. Santiago Ludeña. |
| 250 | _a1ª ed. | ||
| 260 |
_a[Madrid] : _bDoncel, _c[1971] |
||
| 300 |
_a96 p. : _blam. col. grab ; _c26 cm. |
||
| 490 | 1 |
_aLa ballena alegre ; _v14 |
|
| 700 | 1 |
_aSantiago Ludeña, M. _9103403 |
|
| 830 | 0 |
_aLa ballena alegre ; _v14 _9228786 |
|
| 852 |
_aES-MaACL _jL-4240 _bR.105137 |
||
| 999 |
_c18273 _d18273 |
||